<?xml version="1.0" encoding="UTF-8"?>
<record
    xmlns:xsi="http://www.w3.org/2001/XMLSchema-instance"
    xsi:schemaLocation="http://www.loc.gov/MARC21/slim http://www.loc.gov/standards/marcxml/schema/MARC21slim.xsd"
    xmlns="http://www.loc.gov/MARC21/slim">

  <leader>02870nam a2200421 a 4500</leader>
  <controlfield tag="001">00003854</controlfield>
  <controlfield tag="003">DO-SdBNP</controlfield>
  <controlfield tag="005">20180309125539.0</controlfield>
  <controlfield tag="007">00003854</controlfield>
  <controlfield tag="008">091125s2012    dr a          000 0 spa d</controlfield>
  <datafield tag="020" ind1=" " ind2=" ">
    <subfield code="a">9789945117400 </subfield>
  </datafield>
  <datafield tag="040" ind1=" " ind2=" ">
    <subfield code="a">BPMSU</subfield>
    <subfield code="b">spa</subfield>
    <subfield code="c">BPMSU</subfield>
  </datafield>
  <datafield tag="082" ind1="0" ind2="4">
    <subfield code="a">372.63</subfield>
    <subfield code="b">J61o      3ro.       2012</subfield>
  </datafield>
  <datafield tag="100" ind1="1" ind2=" ">
    <subfield code="a">Ariza Jim&#xE9;nez Malena, Martha</subfield>
  </datafield>
  <datafield tag="245" ind1="1" ind2="0">
    <subfield code="a">Ortograf&#xED;a 3 :</subfield>
    <subfield code="b">[educaci&#xF3;n b&#xE1;sica] /</subfield>
    <subfield code="c">Martha Ariza Jim&#xE9;nez Malena ; direcci&#xF3;n editorial Obdulia Garc&#xED;a de Escobar ; ilustraci&#xF3;n Ruddy N&#xFA;&#xF1;ez.</subfield>
  </datafield>
  <datafield tag="260" ind1=" " ind2=" ">
    <subfield code="a">Santo Domingo :</subfield>
    <subfield code="b">Santillana,</subfield>
    <subfield code="c">2012.</subfield>
  </datafield>
  <datafield tag="300" ind1=" " ind2=" ">
    <subfield code="a">55 p. </subfield>
    <subfield code="b">il. ;</subfield>
    <subfield code="c">28 cm.</subfield>
  </datafield>
  <datafield tag="490" ind1="1" ind2=" ">
    <subfield code="a">Innova</subfield>
  </datafield>
  <datafield tag="505" ind1="0" ind2=" ">
    <subfield code="g">v. 3 :</subfield>
    <subfield code="g">Unidad 1 --</subfield>
    <subfield code="t">El sonido k: Carlos --</subfield>
    <subfield code="t">El sonido z: La carroza --</subfield>
    <subfield code="g">Unidad 2 --</subfield>
    <subfield code="t">Sonido g suave: &#xC1;gueda en el zool&#xF3;gico --</subfield>
    <subfield code="t">El sonido J: &#xC1;ngel --</subfield>
    <subfield code="g">Unidad 3 --</subfield>
    <subfield code="t">Los sonidos y las letras: Juan Pablo Duarte --</subfield>
    <subfield code="t">El sonido r fuerte: El carro de los helados --</subfield>
    <subfield code="g">Unidad 4 --</subfield>
    <subfield code="t">Signos de interrogaci&#xF3;n y admiraci&#xF3;n: El le&#xF3;n y el b&#xFA;ho --</subfield>
    <subfield code="t">La s&#xED;laba: Isabel y Javier --</subfield>
    <subfield code="g">Unidad 5 --</subfield>
    <subfield code="t">Palabras con br y bl: Brenda y Pablo --</subfield>
    <subfield code="t">Palabras con mb y mp: Los bomberos --</subfield>
    <subfield code="g">Unidad 6 --</subfield>
    <subfield code="t">Palabras terminadas en -ella, -illo, -illa: La estrella Saltimbanqui --</subfield>
    <subfield code="t">Palabras terminadas en -z, y -b: Quiere ser actriz --</subfield>
    <subfield code="g">Unidad 7 --</subfield>
    <subfield code="t">Palabras terminadas en y: La tortuga carey --</subfield>
    <subfield code="t">Palabras con h: La hiena --</subfield>
    <subfield code="g">Unidad 8 --</subfield>
    <subfield code="t">El gui&#xF3;n: &#xBF;Qui&#xE9;n invent&#xF3; la bicicleta? --</subfield>
    <subfield code="t">Palabras con j: El viaje terror&#xED;fico --</subfield>
    <subfield code="g">Unidad 9 --</subfield>
    <subfield code="t">Escribir fichas: La morsa --</subfield>
    <subfield code="t">Describir personas: Mi amigo Lorenzo --</subfield>
    <subfield code="g">Unidad 10 --</subfield>
    <subfield code="t">Completar versos que riman: Los peces van a la escuela --</subfield>
    <subfield code="t">Escribir invitaciones: Gran fiesta de fin de curso --</subfield>
    <subfield code="g">Unidad 11 --</subfield>
    <subfield code="t">Escribir Cartas: Cartas --</subfield>
    <subfield code="t">Describir procesos: C&#xF3;mo hacer un disfraz --</subfield>
    <subfield code="g">Unidad 12 --</subfield>
    <subfield code="t">Describir objetos: Historia de la guitarra --</subfield>
    <subfield code="t">Ordenar versos: De animales --</subfield>
    <subfield code="g">Unidad 13 --</subfield>
    <subfield code="t">Dar instrucciones: El escondite ingl&#xE9;s --</subfield>
    <subfield code="t">Describir un proceso: Para ser astronauta --</subfield>
  </datafield>
  <datafield tag="650" ind1=" " ind2="4">
    <subfield code="a">ESPA&#xD1;OL</subfield>
    <subfield code="x">ORTOGRAF&#xCD;A</subfield>
    <subfield code="x">EDUCACI&#xD3;N PRIMARIA</subfield>
  </datafield>
  <datafield tag="650" ind1=" " ind2="4">
    <subfield code="a">ESPA&#xD1;OL</subfield>
    <subfield code="x">ORTOGRAF&#xCD;A</subfield>
    <subfield code="x">ENSE&#xD1;ANZA B&#xC1;SICA</subfield>
  </datafield>
  <datafield tag="650" ind1=" " ind2="4">
    <subfield code="a">ESPA&#xD1;OL</subfield>
    <subfield code="x">ORTOGRAF&#xCD;A</subfield>
    <subfield code="x">ESTUDIOS Y EJERCICIOS</subfield>
  </datafield>
  <datafield tag="650" ind1=" " ind2="4">
    <subfield code="a">ESPA&#xD1;OL</subfield>
    <subfield code="x">ORTOGRAF&#xCD;A</subfield>
    <subfield code="x">LIBROS DE TEXTOS</subfield>
  </datafield>
  <datafield tag="650" ind1=" " ind2="4">
    <subfield code="a">EDUCACI&#xD3;N PRIMARIA</subfield>
    <subfield code="z">REP&#xDA;BLICA DOMINICANA</subfield>
  </datafield>
  <datafield tag="700" ind1="1" ind2=" ">
    <subfield code="a">N&#xFA;&#xF1;ez, Ruddy, </subfield>
    <subfield code="e">il.</subfield>
  </datafield>
  <datafield tag="700" ind1="1" ind2=" ">
    <subfield code="a">Garc&#xED;a de Escobar, Obdulia,</subfield>
    <subfield code="e">ed.</subfield>
  </datafield>
  <datafield tag="830" ind1=" " ind2="0">
    <subfield code="a">Innova</subfield>
  </datafield>
  <datafield tag="910" ind1=" " ind2=" ">
    <subfield code="a">Validado. Control de calidad MFF</subfield>
  </datafield>
  <datafield tag="930" ind1=" " ind2="1">
    <subfield code="l">BND01</subfield>
    <subfield code="m">LF1</subfield>
    <subfield code="8">20091130</subfield>
    <subfield code="f">01</subfield>
    <subfield code="p">HD</subfield>
    <subfield code="g">8732</subfield>
  </datafield>
  <datafield tag="930" ind1=" " ind2="1">
    <subfield code="l">BND01</subfield>
    <subfield code="m">LF1</subfield>
    <subfield code="8">20091130</subfield>
    <subfield code="f">01</subfield>
    <subfield code="p">HD</subfield>
    <subfield code="g">8732</subfield>
    <subfield code="h">v. 2</subfield>
  </datafield>
  <datafield tag="930" ind1=" " ind2="1">
    <subfield code="l">BND01</subfield>
    <subfield code="m">LF1</subfield>
    <subfield code="8">20091130</subfield>
    <subfield code="f">04</subfield>
    <subfield code="p">HD</subfield>
    <subfield code="g">8733</subfield>
    <subfield code="h">v. 3</subfield>
  </datafield>
  <datafield tag="930" ind1=" " ind2="1">
    <subfield code="l">BND01</subfield>
    <subfield code="m">LF1</subfield>
    <subfield code="8">20091204</subfield>
    <subfield code="f">01</subfield>
    <subfield code="p">HD</subfield>
    <subfield code="g">8733</subfield>
    <subfield code="h">v. 4</subfield>
  </datafield>
  <datafield tag="930" ind1=" " ind2="1">
    <subfield code="l">BND01</subfield>
    <subfield code="m">LF1</subfield>
    <subfield code="8">20091204</subfield>
    <subfield code="f">01</subfield>
    <subfield code="p">HD</subfield>
    <subfield code="g">8733</subfield>
    <subfield code="h">v. 5</subfield>
  </datafield>
  <datafield tag="930" ind1=" " ind2="1">
    <subfield code="l">BND01</subfield>
    <subfield code="m">LF1</subfield>
    <subfield code="8">20091204</subfield>
    <subfield code="f">04</subfield>
    <subfield code="p">HD</subfield>
    <subfield code="g">8733</subfield>
    <subfield code="h">v. 6</subfield>
  </datafield>
  <datafield tag="942" ind1=" " ind2=" ">
    <subfield code="2">ddc</subfield>
    <subfield code="c">BK</subfield>
  </datafield>
  <datafield tag="945" ind1=" " ind2=" ">
    <subfield code="a">Remanejado para la Bib. BNPHU, 2018/ YL</subfield>
  </datafield>
  <datafield tag="952" ind1=" " ind2=" ">
    <subfield code="0">0</subfield>
    <subfield code="1">0</subfield>
    <subfield code="2">ddc</subfield>
    <subfield code="4">0</subfield>
    <subfield code="7">0</subfield>
    <subfield code="8">CE</subfield>
    <subfield code="a">BPMET</subfield>
    <subfield code="b">BPMET</subfield>
    <subfield code="d">2016-04-13</subfield>
    <subfield code="e">Donaci&#xF3;n</subfield>
    <subfield code="l">0</subfield>
    <subfield code="o">372.63 J61o      3ro.       2012</subfield>
    <subfield code="p">BPMSU16040386</subfield>
    <subfield code="r">2016-04-13</subfield>
    <subfield code="w">2016-04-13</subfield>
    <subfield code="y">BK</subfield>
  </datafield>
  <datafield tag="952" ind1=" " ind2=" ">
    <subfield code="0">0</subfield>
    <subfield code="1">0</subfield>
    <subfield code="2">ddc</subfield>
    <subfield code="4">0</subfield>
    <subfield code="7">0</subfield>
    <subfield code="8">CE</subfield>
    <subfield code="a">BPMET</subfield>
    <subfield code="b">BPMET</subfield>
    <subfield code="d">2016-04-14</subfield>
    <subfield code="e">Donaci&#xF3;n</subfield>
    <subfield code="l">0</subfield>
    <subfield code="o">372.63 J61o      3ro.       2012</subfield>
    <subfield code="p">BPMSU16040425</subfield>
    <subfield code="r">2016-04-14</subfield>
    <subfield code="t">ej. 2</subfield>
    <subfield code="w">2016-04-14</subfield>
    <subfield code="y">BK</subfield>
  </datafield>
  <datafield tag="956" ind1=" " ind2=" ">
    <subfield code="a">LOPEREZ</subfield>
    <subfield code="b">10</subfield>
    <subfield code="c">20160413</subfield>
    <subfield code="l">BPMSU</subfield>
    <subfield code="h">00041</subfield>
  </datafield>
  <datafield tag="999" ind1=" " ind2=" ">
    <subfield code="c">9735</subfield>
    <subfield code="d">9735</subfield>
  </datafield>
</record>
